İran'da etnopolitik hareketler : (Record no. 9557)
| 000 -BAŞLIK | |
|---|---|
| Sabit Uzunluktaki Kontrol Alanı | 02723nam a22003497a 4500 |
| 001 - KONTROL NUMARASI | |
| Control Dosyası | 0009585 |
| 003 - KONTROL NUMARASI KİMLİĞİ | |
| Kontrol Alanı | KOHA_MİRAKIL |
| 005 - EN SON İŞLEM TARİHİ ve ZAMANI | |
| Kontrol Alanı | 20260207001714.0 |
| 007 - FİZİKSEL TANIM SABİT ALAN - GENEL BİLGİ | |
| Sabit uzunluklu kontrol alanı | ta |
| 008 - SABİT UZUNLUKTAKİ VERİ ÖGELERİ - GENEL BİLGİ | |
| Sabit Alan | 091021b2008 tu |||gr||||#||||0|tur | |
| 020 ## - ISBN - ULUSLARARASI STANDART KİTAP NUMARASI | |
| Isbn | 9789754376906 |
| 040 ## - KATALOGLAMA KAYNAĞI | |
| Özgün Kataloglama Kurumu | TR-BiSEU |
| Kataloglama Dili | tur |
| Çeviri Kurumu | TR-BiSEU |
| Açıklama Kuralları | rda |
| 041 0# - DİL KODU | |
| Metin ya da ses kaydının dil kodu | tur |
| 044 ## - YAYINLAYAN/ÜRETEN KURULUŞUN ÜLKE KODU | |
| ISO country code | tu |
| 050 ## - SINIFLAMA ve YER NUMARASI | |
| Sınıflama Numarası | DS268 |
| Yer Numarası | .Y46 2008 |
| 100 1# - KİŞİ ADI | |
| Yazar Adı (Kişi adı) | Yenisey, Gülara. |
| 245 1# - ESER ADI BİLDİRİMİ | |
| Başlık | İran'da etnopolitik hareketler : |
| Alt Eseradı vb. | (1922-2004)/ |
| Sorumluluk Bildirimi | Gülara Yenisey ; Gülara Yenisey. |
| 264 #1 - ÜRERİM, YAYIN, DAĞITIM ve TELİF BİLDİRİMİ | |
| Yayın yeri | İstanbul : |
| Yayınlayan | Ötüken Yayınları |
| Yayın tarihi | 2008 |
| 300 ## - FİZİKSEL TANIMLAMA | |
| Sayfa, Cilt vb. | 256 sayfa |
| 336 ## - İÇERİK TÜRÜ | |
| Content type term | metin |
| Content type code | txt |
| Source | rdacontent |
| 337 ## - MEDYA TÜRÜ | |
| Media type term | aracısız |
| Media type code | n |
| Source | rdamedia |
| 338 ## - TAŞIYICI TÜRÜ | |
| Carrier type term | cilt |
| Carrier type code | nc |
| Source | rdacarrier |
| 490 1# - DİZİ BİLDİRİMİ | |
| Dizi Bildirimi | Yayın No ; |
| Cilt Numarası | 735. |
| 490 1# - DİZİ BİLDİRİMİ | |
| Dizi Bildirimi | Kültür Serisi ; |
| Cilt Numarası | 368. |
| 500 ## - GENEL NOT | |
| Genel Not | Kaynakça ve dizin var. |
| 505 ## - İÇİNDEKİLER NOTU | |
| İçindekiler Notu | Dünyada tehdit algılamaları değişmekte, yeni güvenlik politikaları öne çıkmaktadır. Artık, tek süper güç konumundaki ABD, 11 Eylül sonrasında, İslamî terörü hedef alan "Önleyici saldırı" doktrinini ortaya koymuş, Afganistan ve Irak'a askerî müdahalelerde bulunmuştur. Irak'taki gelişmeler, Orta Doğu'da taşların yerinden oynayacağını göstermektedir. ABD, bölge ülkelerini, İslamî terörü destekledikleri ve nükleer silahlara sahip oldukları gerekçesi ile kara listeye almış, gerilimi daha da artırmaktadır. Listenin başında İran yer almaktadır. |
| 650 #0 - KONU BAŞLIĞI EK GİRİŞ - KONU TERİMİ | |
| Konusal terim veya coğrafi ad | Etnik kimlik--İran. |
| 9 (RLIN) | 23701 |
| 650 #0 - KONU BAŞLIĞI EK GİRİŞ - KONU TERİMİ | |
| Konusal terim veya coğrafi ad | İran--Etnik ilişkiler. |
| 9 (RLIN) | 23702 |
| 830 1# - SERİ EK GİRİŞİ - TEKBİÇİM ESER ADI | |
| Tekbiçim Başlık | Yayın No ; |
| Volume number/sequential designation | 735. |
| 9 (RLIN) | 1861 |
| 830 1# - SERİ EK GİRİŞİ - TEKBİÇİM ESER ADI | |
| Tekbiçim Başlık | Kültür Serisi ; |
| Volume number/sequential designation | 368. |
| 9 (RLIN) | 6554 |
| 942 ## - EK GİRİŞ ÖGELERİ (KOHA) | |
| Source of classification or shelving scheme | Library of Congress Classification |
| Koha item type | Book |
| 505 ## - İÇİNDEKİLER NOTU | |
| -- | |
| -- | Birinci Körfez savaşından beri ABD, Irak'ta Kürt egemen bölgesi oluşturmağa çalışıyor. Irak'ın bugünkü parçalanmış hali sınırdaş ülkeleri nasıl etkileyecektir, bilinmez. Yakın gelecekte bölgedeki dengelerin değişeceği ve Orta Doğu'nun yeniden şekilleneceği varsayılmaktadır. Gelişmelere bu açıdan bakıldığında da İran, konunun kilit ülkesi olarak karşımıza çıkmaktadır. |
| -- | |
| -- | İran'ın bölgedeki yeni oluşumlara tepkisini, tehdit algılamalarını ve bunların etkisi altında şekillenen dış politikasını anlamamız, bunun için de, öncelikle ülkenin iç politik dengelerini iyi bilmemiz gerekmektedir. Onun iç dinamiklerini, etnik dengelerini, çok-etnili yapısının siyasi kararlarına etkisini, etnopolitik hareketleri besleyen kaynakların ülke geleceğinde ne tür değişimlere sebep olabileceğini öngörmemiz lazımdır. Etnik milliyetçilik açısından İran ne durumdadır? Bu gelişmeler Ortadoğu'ya ve global politik hesaplara nasıl ve ne ölçüde yansıyabilir? |
| -- | |
| -- | İşte bu kitap, bunlara ışık tutmak amacını taşıyor. |
| -- | |
| Materyal Türü | Kalıcı Konum | Mevcut Konum | Raf Yeri | Sınıflandırma Kaynağı | Edinim Bilgisi | Ana Konular | Alt Konular | Yer Numarası | Demirbaş Numarası | Fatura Tarihi | Maliyet, Alış Fiyatı | Maliyet, Yenileme Fiyatı | Geri Çekilme Durumu | Kayıp Durumu | Hasarlı Durumu | Kredi için değil | Kayıt Tarih | Toplam Ödünçverme | Son Görülme Tarihi | Son Kontrol Tarihi | Genel / Bağış Notu |
|---|---|---|---|---|---|---|---|---|---|---|---|---|---|---|---|---|---|---|---|---|---|
| Book | Prof. Dr. Azmi Özcan Kütüphanesi | Prof. Dr. Azmi Özcan Kütüphanesi | Uluğbey Salonu | Library of Congress Classification | Bağış | DÜNYA TARİHİ (AVRUPA, ASYA, AFRİKA VB.) | Asya | DS268 .Y46 2008 | 0009585 | 13/08/2010 | 15.00 | 15.00 | 21/10/2009 | 7 | 05/12/2024 | 05/12/2024 | Ötüken Yayınevi |
